Hindustan hamara / (Record no. 43567)

MARC details
000 -LEADER
fixed length control field 00863njm a22002297a 4500
005 - DATE AND TIME OF LATEST TRANSACTION
control field 20100903120219.0
007 - PHYSICAL DESCRIPTION FIXED FIELD--GENERAL INFORMATION
fixed length control field sd ammalaaahaa
008 - FIXED-LENGTH DATA ELEMENTS--GENERAL INFORMATION
fixed length control field 100901t xxu||||| |||| 00| 0 hin d
028 ## - PUBLISHER NUMBER
Publisher number N.15930
Source His Master's Voice
028 ## - PUBLISHER NUMBER
Publisher number OJE. 609
Source His Master's Voice
035 ## - SYSTEM CONTROL NUMBER
System control number GR-408
040 ## - CATALOGING SOURCE
Original cataloging agency SED/VEN
100 ## - MAIN ENTRY--PERSONAL NAME
9 (RLIN) 17815
245 ## - TITLE STATEMENT
Title Hindustan hamara /
Statement of responsibility, etc musician by Vasant Desai
Medium [sound recording] :
Remainder of title Instumental
246 ## - VARYING FORM OF TITLE
Title proper/short title हिंदुस्तान हमारा
260 ## - PUBLICATION, DISTRIBUTION, ETC. (IMPRINT)
Place of publication, distribution, etc Dum Dum, India
Name of publisher, distributor, etc His Master's Voice
300 ## - PHYSICAL DESCRIPTION
Extent 1 sound disc :
Other physical details analog, 33 1/3 rpm
Dimensions 10 in.
500 G# - GENERAL NOTE
General note Brief record
505 ## - FORMATTED CONTENTS NOTE
Formatted contents note Diwali dance ( दिवाली डांस ) पार्ट १ ,Dance of youth, (डांस ऑफ़ यूथ ) पार्ट २
650 ## - SUBJECT ADDED ENTRY--TOPICAL TERM
Topical term or geographic name as entry element Classical music
General subdivision Excerpts
Geographic subdivision India
9 (RLIN) 17813
942 ## - ADDED ENTRY ELEMENTS (KOHA)
Source of classification or shelving scheme Dewey Decimal Classification
Item type Gramaphone Records

No items available.


© Delhi Public Library
Hit Counter
free hit counter